[Event "Frankfurt Ch 2010"]
[Site "Ffm-Kalbach, LAZ"]
[Date "2010.06.07"]
[Round "6.55"]
[White "Waschke, Thomas"]
[Black "Willenbring, Jens-Dirk"]
[Result "1/2-1/2"]
[WhiteElo "1641"]
[BlackElo "1397"]
[PlyCount "71"]
[EventDate "2010.??.??"]
[SourceDate "2009.03.13"]
[WhiteTeam "SC Bergen-Enkheim 1922"]
[BlackTeam "Bad Vilbeler Sfr.1985"]

1. e4 e5 2. Nf3 d6 3. d4 exd4 4. Nxd4 Nf6 5. Nc3 Be7 6. Bc4 Bd7 7. O-O Nc6 8.
Nb3 Ne5 9. Be2 Bg4 10. f3 Be6 11. Nd4 Bc4 12. b3 Bxe2 13. Qxe2 Qd7 14. Rd1
O-O-O 15. Bb2 g5 16. Nf5 Qe8 17. a4 Rg8 18. g4 h5 19. h3 hxg4 20. fxg4 Ng6 21.
Nd5 Nxd5 22. exd5 Bf8 23. Qf3 Nf4 24. Re1 Qd7 25. Re3 Re8 26. Rae1 Rxe3 27.
Qxe3 b6 28. Qe8+ Qxe8 29. Rxe8+ Kd7 30. Ra8 a5 31. Bf6 Nxd5 32. Bxg5 Rxg5 33.
Rxf8 Ke6 34. Re8+ Kd7 35. Rf8 Ke6 36. Re8+ 1/2-1/2

[Event "Frankfurt Ch 2010"]
[Site "Ffm-Kalbach, LAZ"]
[Date "2010.06.07"]
[Round "6.59"]
[White "Ottenburg, Ralph"]
[Black "Diener, Carolin"]
[Result "1/2-1/2"]
[WhiteElo "1920"]
[BlackElo "1197"]
[PlyCount "80"]
[EventDate "2010.??.??"]
[SourceDate "2009.03.13"]
[WhiteTeam "Sfr. Frankfurt 1921"]
[BlackTeam "TuS Makkabi Ffm"]

1. d4 d5 2. c4 e6 3. Nf3 Nf6 4. g3 Be7 5. Bg2 O-O 6. O-O Nbd7 7. Qc2 c6 8. Nbd2
Qc7 9. e4 dxe4 10. Nxe4 Nxe4 11. Qxe4 Nf6 12. Qc2 Rd8 13. Bf4 Bd6 14. Ne5 c5
15. Rad1 cxd4 16. Rxd4 Qc5 17. Rfd1 a5 18. Nxf7 Kxf7 19. Bxd6 Qh5 20. Bc7 Rxd4
21. Rxd4 Qc5 22. Rf4 Qxc7 23. Be4 e5 24. Rf3 Bg4 25. Rb3 Ra7 26. c5 Bd7 27.
Bxh7 Ba4 28. Qc4+ Ke7 29. Rf3 Bc6 30. Rxf6 Kxf6 31. Qh4+ Kf7 32. Qh5+ Ke7 33.
Qg5+ Ke6 34. Bg8+ Kd7 35. Qxg7+ Kc8 36. Be6+ Bd7 37. Qh8+ Qd8 38. Qxe5 Bxe6 39.
Qxe6+ Qd7 40. Qb6 Ra8 1/2-1/2

[Event "Frankfurt Ch 2010"]
[Site "Ffm-Kalbach, LAZ"]
[Date "2010.06.07"]
[Round "6.60"]
[White "Frank, Dieter"]
[Black "Geipert, Wilfried"]
[Result "0-1"]
[WhiteElo "1453"]
[BlackElo "1699"]
[PlyCount "100"]
[EventDate "2010.??.??"]
[SourceDate "2009.03.13"]
[WhiteTeam "SK Eberstadt 1924"]
[BlackTeam "SC Brett vor'm Kopp Ffm"]

1. d4 d5 2. Nf3 Nf6 3. Bf4 Bf5 4. e3 Nbd7 5. Bd3 Ne4 6. O-O e6 7. Nbd2 Ndf6 8.
Ne5 Bd6 9. Ndf3 h6 10. Bb5+ Ke7 11. Nd3 c6 12. Bxd6+ Qxd6 13. Ba4 a5 14. c3 Nd7
15. Bc2 f6 16. Nh4 Bh7 17. f3 Ng5 18. Nf4 Nf8 19. Bxh7 Rxh7 20. Qc2 f5 21.
Nhg6+ Kf6 22. Ne5 Nf7 23. Nfd3 g5 24. f4 Ng6 25. Nxg6 Kxg6 26. Ne5+ Nxe5 27.
fxe5 Qe7 28. g4 Rf7 29. gxf5+ exf5 30. Rf2 Raf8 31. Raf1 b5 32. a4 Qe6 33. axb5
cxb5 34. Qd3 Rb8 35. Ra1 a4 36. Raf1 g4 37. Rf4 Kg5 38. Qe2 h5 39. Qf2 b4 40.
c4 dxc4 41. e4 Rbf8 42. exf5 Rxf5 43. Rxf5+ Rxf5 44. Qd2+ Kg6 45. Qxb4 Rxf1+
46. Kxf1 Qc6 47. Qd2 Qh1+ 48. Ke2 Qxh2+ 49. Ke3 Qxd2+ 50. Kxd2 g3 0-1

[Event "Frankfurt Ch 2010"]
[Site "Ffm-Kalbach, LAZ"]
[Date "2010.06.07"]
[Round "6.61"]
[White "Cipca, Adrian"]
[Black "Honert, Stefan"]
[Result "1/2-1/2"]
[WhiteElo "1689"]
[BlackElo "1271"]
[PlyCount "48"]
[EventDate "2010.??.??"]
[SourceDate "2009.03.13"]
[WhiteTeam "SK Bad Homburg 1927"]
[BlackTeam "Sfr. Frankfurt 1921"]

1. e4 d5 2. exd5 Qxd5 3. Nc3 Qa5 4. d4 Nf6 5. Bc4 c6 6. Bd2 Qd8 7. Nf3 Bf5 8.
O-O e6 9. Bg5 h6 10. Bh4 g5 11. Bg3 Bd6 12. Bxd6 Qxd6 13. Bd3 Bg4 14. Be2 Bxf3
15. Bxf3 Nbd7 16. a4 O-O-O 17. Qd3 g4 18. Be2 h5 19. b4 h4 20. b5 c5 21. Rfd1
g3 22. fxg3 hxg3 23. h3 Rh4 24. Bf3 Nb6 1/2-1/2

[Event "Frankfurt Ch 2010"]
[Site "Ffm-Kalbach, LAZ"]
[Date "2010.06.07"]
[Round "6.62"]
[White "Wich, Manuela"]
[Black "Budde, Michael"]
[Result "0-1"]
[WhiteElo "1414"]
[BlackElo "1688"]
[PlyCount "92"]
[EventDate "2010.??.??"]
[SourceDate "2009.03.13"]
[WhiteTeam "SV 1920 Hofheim"]
[BlackTeam "SC 1979 Hattersheim"]

1. e4 e5 2. Nf3 Nc6 3. d4 exd4 4. Nxd4 Nxd4 5. Qxd4 d6 6. Bd3 c5 7. Qe3 Nf6 8.
Nc3 Be7 9. O-O O-O 10. f3 a6 11. Nd5 Nxd5 12. exd5 Bf6 13. Kh1 Re8 14. Qf2 b5
15. c3 Bb7 16. c4 bxc4 17. Bxc4 Bh4 18. g3 Bf6 19. Rb1 Bd4 20. Qc2 Qd7 21. Bd2
Qh3 22. b4 Bxd5 23. bxc5 dxc5 24. Bf4 Bxc4 25. Qxc4 h6 26. Rb7 Re6 27. Rfb1
Rae8 28. Rb8 Rxb8 29. Rxb8+ Kh7 30. Rb1 Qf5 31. Rf1 Rb6 32. Bc7 Rb2 33. g4 Qc2
34. Qxc2+ Rxc2 35. a4 Ra2 36. a5 c4 37. f4 c3 38. Bb6 Bf6 39. g5 hxg5 40. fxg5
Bxg5 41. h4 Bh6 42. Rg1 c2 43. Bd4 c1=Q 44. h5 Qf4 45. Bf2 Qxf2 46. Rxg7+ Bxg7
0-1

[Event "Frankfurt Ch 2010"]
[Site "Ffm-Kalbach, LAZ"]
[Date "2010.06.07"]
[Round "6.63"]
[White "Donchenko, Daria"]
[Black "Schellen, Sven"]
[Result "0-1"]
[WhiteElo "1706"]
[BlackElo "1633"]
[PlyCount "64"]
[EventDate "2010.??.??"]
[SourceDate "2009.03.13"]
[WhiteTeam "SK 1858 Gießen"]
[BlackTeam "Sfr. Frankfurt 1921"]

1. c4 e5 2. Nc3 Nf6 3. Nf3 d6 4. g3 c6 5. Bg2 h6 6. d3 Be7 7. O-O O-O 8. Rb1 a5
9. a3 Re8 10. b4 axb4 11. axb4 Bf8 12. Nd2 Bd7 13. b5 Qc8 14. Qb3 Bh3 15. Nde4
Nxe4 16. Nxe4 Bxg2 17. Kxg2 Nd7 18. Ba3 Qb8 19. Bb2 Kh8 20. Bc3 f5 21. bxc6
bxc6 22. Qc2 Qc7 23. Nd2 Reb8 24. f4 Qc8 25. e4 fxe4 26. dxe4 Qe8 27. f5 Nf6
28. h3 d5 29. exd5 cxd5 30. cxd5 Nxd5 31. Rxb8 Rxb8 32. Ne4 Ne3+ 0-1

[Event "Frankfurt Ch 2010"]
[Site "Ffm-Kalbach, LAZ"]
[Date "2010.06.07"]
[Round "6.64"]
[White "Witt, Holger"]
[Black "Velkina, Elina"]
[Result "0-1"]
[WhiteElo "1590"]
[BlackElo "1219"]
[PlyCount "80"]
[EventDate "2010.??.??"]
[SourceDate "2009.03.13"]
[WhiteTeam "SC 1934 Viernheim"]
[BlackTeam "SK 1858 Gießen"]

1. d4 f5 2. Bg5 h6 3. Bh4 g5 4. e4 Bg7 5. Qh5+ Kf8 6. Bc4 Qe8 7. Qf3 Bxd4 8.
Qxf5+ Nf6 9. Bg3 d5 10. Qf3 dxc4 11. c3 Bg4 12. Qxg4 Nxg4 13. cxd4 Qb5 14. Nd2
Qxb2 15. Rb1 Qxd4 16. Ngf3 Qd3 17. h3 c3 18. hxg4 cxd2+ 19. Nxd2 Nc6 20. Rb3
Qa6 21. Bxc7 Nd4 22. Re3 Nc2+ 23. Kd1 Nxe3+ 24. fxe3 Qxa2 25. Ke2 Rc8 26. Be5
Rd8 27. Rd1 Rg8 28. Bd4 Ke8 29. Rb1 Qa6+ 30. Kf2 Rf8+ 31. Kg1 Qe2 32. Nf3 Rc8
33. Re1 Qc2 34. e5 Qe4 35. Ra1 Rc2 36. Rf1 b5 37. Bxa7 b4 38. Bb6 b3 39. e6
Qxe6 40. Rd1 Qxb6 0-1

[Event "Frankfurt Ch 2010"]
[Site "Ffm-Kalbach, LAZ"]
[Date "2010.06.07"]
[Round "6.66"]
[White "Urbach, Jens"]
[Black "Fischer, Lutz"]
[Result "0-1"]
[WhiteElo "927"]
[BlackElo "1456"]
[PlyCount "64"]
[EventDate "2010.??.??"]
[SourceDate "2009.03.13"]
[WhiteTeam "SC 1934 Gelnhausen"]
[BlackTeam "Sfr. Frankfurt 1921"]

1. e4 e6 2. d4 d5 3. e5 c5 4. Nf3 Nc6 5. c3 Qb6 6. b3 cxd4 7. cxd4 Bb4+ 8. Ke2
Nge7 9. a3 Qb5+ 10. Qd3 Qxd3+ 11. Kxd3 Ba5 12. b4 Bb6 13. Nc3 a6 14. Rb1 Nf5
15. Be3 O-O 16. Na4 Ba7 17. b5 axb5 18. Rxb5 Bxd4 19. Nxd4 Nxe5+ 20. Ke2 Nxe3
21. fxe3 Rxa4 22. Nf3 Nc4 23. Rb4 Rxa3 24. Kf2 Nxe3 25. Be2 f6 26. Rc1 e5 27.
Rb5 d4 28. Rbc5 Bd7 29. Rc7 Bc6 30. Bc4+ Nxc4 31. Rxc4 Rd8 32. Nd2 e4 0-1

[Event "Frankfurt Ch 2010"]
[Site "Ffm-Kalbach, LAZ"]
[Date "2010.06.07"]
[Round "6.67"]
[White "Stulken, Dietmar"]
[Black "Dages, Rolf Hermann"]
[Result "1/2-1/2"]
[WhiteElo "1373"]
[BlackElo "1600"]
[PlyCount "76"]
[EventDate "2010.??.??"]
[SourceDate "2009.03.13"]
[WhiteTeam "SC Brett vor'm Kopp Ffm"]
[BlackTeam "SC Eschborn 1974"]

1. e4 d5 2. exd5 Nf6 3. Nf3 e6 4. dxe6 Bxe6 5. d4 Bb4+ 6. c3 Bd6 7. Bd3 O-O 8.
O-O Nbd7 9. Re1 c6 10. Bg5 Qc7 11. Bxf6 Nxf6 12. g3 c5 13. Nbd2 Rac8 14. Ne4
Nxe4 15. Bxe4 Rfe8 16. d5 Bg4 17. Bxh7+ Kh8 18. Bc2 Rxe1+ 19. Qxe1 Bxf3 20. Qe3
Bxd5 21. Qd3 g6 22. Qxd5 Rd8 23. Qg5 Bf8 24. Re1 Kg8 25. Qe3 a6 26. a4 b5 27.
axb5 axb5 28. Rd1 Ra8 29. Be4 Re8 30. Qf3 Re5 31. Bc2 c4 32. Kf1 Qe7 33. Bb1
Rh5 34. Qg2 Re5 35. Qf3 Rh5 36. Qg2 Re5 37. Qf3 Rh5 38. Qg2 Re5 1/2-1/2

[Event "Frankfurt Ch 2010"]
[Site "Ffm-Kalbach, LAZ"]
[Date "2010.06.07"]
[Round "6.68"]
[White "Leßmann, Sven"]
[Black "Jaklitsch, Albert"]
[Result "0-1"]
[WhiteElo "1265"]
[BlackElo "1534"]
[PlyCount "90"]
[EventDate "2010.??.??"]
[SourceDate "2009.03.13"]
[WhiteTeam "SC Bad Soden"]
[BlackTeam "vereinslos"]

1. c4 e5 2. Nc3 Nc6 3. Nf3 d6 4. g3 Nf6 5. Bg2 Be7 6. O-O O-O 7. d3 Re8 8. Bg5
h6 9. Bxf6 Bxf6 10. Nd5 Bd7 11. Rb1 Re6 12. Nd2 Rb8 13. Ne4 Be7 14. f4 f5 15.
Bh3 fxe4 16. Bxe6+ Bxe6 17. dxe4 Bh3 18. Rf2 exf4 19. Nxf4 Qd7 20. Qd5+ Kh7 21.
Qh5 Bg4 22. Qg6+ Kg8 23. Nh5 Bxh5 24. Qxh5 Bf6 25. e3 Rf8 26. Rbf1 Ne5 27. Qd1
Qe6 28. b3 Ng4 29. Rf3 Qxe4 30. Qd5+ Qxd5 31. cxd5 Nxe3 32. Re1 Bd4 33. Rxf8+
Kxf8 34. Kh1 Nxd5 35. Rd1 c5 36. a3 Ne3 37. Rd2 Be5 38. Kg1 Bd4 39. Kh1 b5 40.
b4 Nc4 41. Ra2 Bb2 42. a4 cxb4 43. axb5 Ba3 44. Rc2 d5 45. Rd2 Nxd2 0-1

[Event "Frankfurt Ch 2010"]
[Site "Ffm-Kalbach, LAZ"]
[Date "2010.06.07"]
[Round "6.69"]
[White "Mongi, Mario"]
[Black "Liebert, Monika"]
[Result "1-0"]
[WhiteElo "1500"]
[BlackElo "1069"]
[PlyCount "43"]
[EventDate "2010.??.??"]
[SourceDate "2009.03.13"]
[WhiteTeam "Sfr. Frankfurt 1921"]
[BlackTeam "SV Schachf.Darmstadt 1994"]

1. c4 e5 2. g3 Nf6 3. Bg2 d6 4. Nc3 Nbd7 5. e3 Nc5 6. d4 exd4 7. exd4 Qe7+ 8.
Nge2 Nce4 9. O-O Bg4 10. Nxe4 Nxe4 11. f3 Bxf3 12. Rxf3 O-O-O 13. Re3 f5 14.
Nc3 g6 15. Nxe4 fxe4 16. Bxe4 c6 17. Bf5+ gxf5 18. Rxe7 Bxe7 19. Bf4 d5 20. Qe2
Rd7 21. Qe5 Rf8 22. Qb8# 1-0

[Event "Frankfurt Ch 2010"]
[Site "Ffm-Kalbach, LAZ"]
[Date "2010.06.07"]
[Round "6.72"]
[White "Paulicks, Frank"]
[Black "Henrich, Gerhard"]
[Result "1-0"]
[WhiteElo "1088"]
[BlackElo "1120"]
[PlyCount "93"]
[EventDate "2010.??.??"]
[SourceDate "2009.03.13"]
[WhiteTeam "Sfr.1891 Friedberg"]
[BlackTeam "SV 1920 Hofheim"]

1. d4 Nf6 2. Bf4 d5 3. e3 e6 4. Nd2 c5 5. c3 Nc6 6. Bd3 Nh5 7. Qxh5 g6 8. Qe2
c4 9. Bc2 Bg7 10. Ngf3 O-O 11. O-O Re8 12. Ne5 Qb6 13. Rab1 Nxe5 14. Bxe5 f6
15. Ba4 Re7 16. Bg3 Qa5 17. Qd1 b5 18. Bc2 Bb7 19. a4 e5 20. axb5 Qxb5 21. Re1
a5 22. Bh4 e4 23. f3 Qd7 24. fxe4 dxe4 25. Nxc4 Re6 26. Ra1 Qc7 27. Nd2 Rb6 28.
Bg3 Qc8 29. Rb1 Bd5 30. Bxe4 Bxe4 31. Nxe4 Qc6 32. Qd3 f5 33. Nc5 Qc8 34. e4
Bf8 35. Bf2 a4 36. exf5 gxf5 37. Qg3+ Rg6 38. Qf3 Ra7 39. Qd5+ Kh8 40. Bg3 Bxc5
41. Be5+ Rgg7 42. Bxg7+ Rxg7 43. dxc5 f4 44. Qe5 Qh3 45. Qb8+ Rg8 46. Qxg8+
Kxg8 47. gxh3 1-0